| 000 | 01001nac a22002537a 4500 | ||
|---|---|---|---|
| 001 | BR6008312 | ||
| 003 | BR-BrBNA | ||
| 005 | 20240105113225.0 | ||
| 008 | 230509b bl.|||m| |||| 00| 0 por d | ||
| 040 |
_aBR-BrBNA _bpor _cBiblioteca Nacional de Agricultura |
||
| 072 | _aF00 | ||
| 090 | _a1000 BR6008312 | ||
| 110 | 1 |
_aEmpresa Brasileira de Assistencia Tecnica e Extensao Rural, Brasilia, DF; _93797 |
|
| 110 | 1 |
_aEmpresa Brasileira de Pesquisa Agropecuaria, Brasilia, DF _93834 |
|
| 245 | 1 | _aSistemas de producao para citros; Encosta Superior do Nordeste e Encosta Inferior do Nordeste - Rio Grande do Sul [Brasil] | |
| 260 | 3 |
_aPorto Alegre, RS (Brasil): _bEmpresa de Assistencia Tecnica e Extensao Rural do Rio Grande do Sul, _c1976. |
|
| 300 | _a46 p. | ||
| 490 |
_aSistemas de Producao. Boletim (Brazil) _vno. 62 _x |
||
| 650 | _aFRUTA CITRICA | ||
| 650 | _aPRATICA CULTURAL | ||
| 650 | _aRIO GRANDE DO SUL | ||
| 909 |
_a202312 _bLúcia Elande _c55 _dLúcia Elande |
||
| 942 |
_2AGRIS _n0 _cMS |
||
| 999 |
_c262557 _d262557 |
||